000 00582nam a2200181Ia 4500
003 OSt
005 20240417151842.0
008 210210b1944 xxu||||| |||| 00| 0 eng d
040 _cAL
041 _aKannada
082 _a852/413
100 _aMINU MASANI ಮಿನೂ ಮಸಾನಿ
_9161147
245 _aNimma Ahara: Bharatiya Ahara Samasyeya Vimarshe
_bನಿಮ್ಮ ಆಹಾರ : ಭಾರತೀಯ ಆಹಾರ ಸಮಸ್ಯೆಯ ವಿಮರ್ಶೆ
260 _aBengaLuru
_b-
_c1944
690 _aKannada Prose
_9161148
906 _a018982
942 _2ddc
_cBK
999 _c143032
_d143032